000 00428nam a2200181Ia 4500
008 210210b1899 xxu||||| |||| 00| 0 eng d
041 _aeng
082 _a822/508
100 _aGREY (H)
245 _aClassics for the million
260 _aLondon
_bSwan Sonnenschein Lowrey and Company
_c1899
650 _athe
650 _amillion
650 _afor
650 _aClassics
690 _aEnglish Prose
906 _a012694
999 _c131507
_d131507